MDQL
is popping MORE tags! Check the
thread
!
Quizzes
Events
Quiz Creation
Community
Videos
Private Events
Remove Ads
Sign In
Join for FREE
Feedback
Dark Mode
Quiz Categories
Sports
Geography
Music
Movies
Television
Just For Fun
Miscellaneous
History
Literature
Language
Science
Gaming
Entertainment
Religion
Holiday
For Kids
Quiz Lab
Recent
Popular Today
Quiz Kudos Today
Editor Picks
Curator Picks
Quizzes by...
Day
Popularity
Type
Ratings
Length
Year
Community
Subscriptions
Recent Discussions
Orange Saloon
Badges
Playlists
Quests
Create
Leaderboards
Showdown
Live 5
Trivia Bingo
Activity
Puzzle Library
Sporcle Events
Private Events
Virtual Trivia
Globe League
Become a Host
Pub Owners
SporcleCon
Opinionation
Our Games
Videos
Blog
Mobile Apps
Partnerships
Remove Ads and Go Orange
Feedback
Geography
Country
Landmarks
City
State
Population
World
Capital
Continent
Flags
Europe
Africa
Asia
South America
North America
Oceania
Border
Canada
United Kingdom
Topography
United States
Geography
Country
Landmarks
City
State
Population
World
Capital
Continent
Flags
Europe
Africa
Asia
South America
North America
Oceania
Border
Canada
United Kingdom
Topography
United States
Random Quiz
Search Sporcle
×
Quiz Lab
Quiz Lab
Geography
Country
Type in answers that appear in a list
Type in answers that appear in a list
Classic
Best Score? Go Orange.
Country Quiz: UK Stats
Can you name the the facts about the United Kingdom?
By
DillipCrisby
7m
35 Questions
3,493 Plays
3,493 Plays
3,493 Plays
Comments
Comments
Give Quiz Kudos
Give Quiz Kudos
-
- Ratings
hide this ad
Replay
Link that replays current quiz
Next Quiz
Link to next quiz in quiz playlist
You Got
0%
They Got
Avg Score
64%
Avg Friend Score
Upgrade to see
Score Distribution
Jump to the score distribution portion of the page
Score
0/35
Timer
07:00
0
Plays Today
Hint
Answer
% Correct
Flag Colour
Red
98.8%
Flag Colour
White
98.7%
Flag Colour
Blue
98.6%
Official Name
The United Kingdom of Great Britain and Northern Ireland
92.5%
Capital City
London
89.1%
Currency
Pound Sterling
87.7%
Bordering Country
Republic of Ireland
86.5%
Largest Country
England
85.3%
Drives on the...
Left
85%
Primary Language
English
84.8%
Monarch
Queen Elizabeth II
84.3%
National Anthem
God Save the Queen
83.2%
Primary Continent
Europe
82.1%
Major Political Party
Labour
81%
Smallest Country
Northern Ireland
80.6%
Largest Religion
Christianity
79.8%
National Flower of England
Tudor Rose
77.3%
Internet Country Code
.uk
75.6%
Hint
Answer
% Correct
Nationality/
Demonym
British
74.5%
Prime Minister
Gordon Brown
73.6%
Prime Minister's Residence
10 Downing Street
72.9%
Major Political Party
Liberal Democrats
65.5%
Highest Point
Ben Nevis
62.8%
Major Political Party
Conservatives
59.8%
National Flower of Scotland
Thistle
56.6%
National Flower of Wales
Leek
53.4%
Longest River
River Severn
53%
Chancellor of the Exchequer
Alistair Darling
29.9%
National Flower of Northern Ireland
Shamrock
27.9%
National Bird
European Robin
27%
First Prime Minister
Sir Robert Walpole
21.4%
Justice Secretary
Jack Straw
14.4%
Official Motto
God and my right
10.8%
Largest Lake
Lough Neagh
10.5%
Tallest Building
One Canada Square or Belmont Mast
5.4%
Quiz Playlist
Details
Report
Send in Message
Add To Playlist
Classic:
Type in answers that appear in a list
Last Updated: Feb 16, 2017
Quiz Scoreboard
CHALLENGE
Sign Up to Join the Scoreboard
Show All
Scores
Hide
Comments
May contain spoilers
Recently Published
Holiday 10x10 Sorting Gallery
by lukepisani3
Holiday
15m
Two Season TV Shows II
by 123Four
Television
10m
Image Sorting: Flags VI
by Barbecue
Geography
2m
More to Explore
Quiz From the Vault
Featured Blog Post
14 Easter Pick-up Lines to Find Eggs With
hide this ad
You Might Also Like...
Tags
Country Quiz
United Kingdom Quiz
Kingdom
United
Today's Top Quizzes in Geography
Browse Geography
hide this ad
Today's Top Quizzes in Country
Browse Country
Top Contributed Quizzes in Geography
1
Colored Red Europe Blitz I
2
Countries of the World - No Outlines Minefield
3
Colored Red Africa Blitz II
4
Colored Red Europe Blitz II
5
Colored Red Europe Blitz III
6
Colored Red Africa Blitz III
7
Colored Red States Blitz I
8
Colored Red States Blitz II
9
A Different View: World Oceans
10
Colored Red States Blitz III
Explore More
Trending Topics
Kpop
Anime
Marvel
Harry Potter
Crossword
NBA
Disney
The Office
Soccer
Pokémon
WWE
Song
Country
NFL
Puzzle
hide this ad
More By:
DillipCrisby
Quiz
Plays
Rating
Category
Featured
Created
Country Quiz: UK
3,493
1.80
Geography
Mar 19, 2010
Go to Creator's Profile
Score Distribution
Quiz Creator Spotlight
DillipCrisby
Follow
Send a Message
Quizzes Created
-
Created Quiz Play Count
-
More By This Creator
Popular Quizzes Today
1
Find the US States - No Outlines Minefield
2
Colored Red Africa Blitz
3
Find the 'City' Movie
4
The Countries of the World
5
5x2 Blitz: Bands
6
Find the Countries of Europe - No Outlines Minefield
7
Find the US States
8
US States
More Geography Quizzes
Find the Kumquat: South America Capitals III
Quiz Lab
Trending Quizzes
Colored Red Europe Blitz I
Colored Red Europe Blitz II
Colored Red Africa Blitz II
Even More Two Season TV Shows
Colored Red Africa Blitz III
Recently Updated
Odd Team Out - Big 4 Players
pecheneg
Quick Pick: 20 Twenties
pecheneg
March Madness Men's Triple Doubles
pecheneg
How Do You Spell That?
pecheneg
Godzilla Movies
pecheneg
Grab Bag: 4-10 Letters
pecheneg
2024 March Madness Bracket
pecheneg
Famous TV Couples
Peacemaker
Champions League XIs: Real Madrid
pecheneg
Largest US Cities 1790-2010
pecheneg
Trending Topics
Crossword
Disney
Harry Potter
Kpop
Anime
NBA
Marvel
Soccer
Country
NFL
Puzzle
Pokémon
WWE
Song
The Office
Your Account Isn't Verified!
In order to create a playlist on Sporcle, you need to verify the email address you used during registration. Go to your
Sporcle Settings
to finish the process.
Report this User
Report this user for behavior that violates our
Community Guidelines
.
Details:
Send Report
Go to the Sporcle.com Mobile Site →
Comments